Statistics for Word scramble

Click here to take the quiz!

General Stats

  • This quiz has been taken 28 times
  • The average score is 14 of 19

Answer Stats

HintAnswer% Correct
LBLABALL
100%
LFGAFLAG
100%
VOLELOVE
100%
LGFOGOLF
96%
AKYAKKAYAK
96%
HONPEPHONE
96%
KUNSKSKUNK
92%
PANIEPLPEPINEAPPLE
88%
OPREROPE
88%
SHSLASLASH
85%
TSREOSTORE
65%
SOLASLASSO
62%
FEDSTFUSTUFFED
62%
SSENIAPPHHAPPINESS
50%
ERNWTESWESTERN
50%
LCSOTECLOSET
46%
LOGLABGLOBAL
42%
LYREALAYER
19%
REOMSTRORESTROOM
15%

Score Distribution

Percentile by Number Answered

Percent of People with Each Score

Your Score History

You have not taken this quiz